Simple object lessons. (Record no. 9951)

000 -LEADER
fixed length control field 00548nam a2200181 a 4500
001 - CONTROL NUMBER
control field :::00007736$&:&@@
003 - CONTROL NUMBER IDENTIFIER
control field OkBaRHE
005 - DATE AND TIME OF LATEST TRANSACTION
control field 20000607103339.0
008 - FIXED-LENGTH DATA ELEMENTS--GENERAL INFORMATION
fixed length control field s1970 j 000 0 eng u
040 ## - CATALOGING SOURCE
Transcribing agency
100 1# - MAIN ENTRY--PERSONAL NAME
Personal name Hopkins, Joseph Martin.
245 10 - TITLE STATEMENT
Title Simple object lessons.
260 ## - PUBLICATION, DISTRIBUTION, ETC. (IMPRINT)
Place of publication, distribution, etc Grand Rapids, MI., :
Name of publisher, distributor, etc Zondervan Publishing House
Date of publication, distribution, etc c1970
300 ## - PHYSICAL DESCRIPTION
Extent 64 p. ;
Dimensions 20 cm.
650 ## - SUBJECT ADDED ENTRY--TOPICAL TERM
Topical term or geographic name as entry element Object-teaching
942 ## - ADDED ENTRY ELEMENTS (KOHA)
Source of classification or shelving scheme
Koha item type Books
Copies
Date acquired Lost status Withdrawn status Koha item type Not for loan Damaged status Shelving location Full call number Price effective from Permanent Location Copy number Source of classification or shelving scheme Barcode Date last seen
2010-04-14  Books  General StacksBV 1535 .H5532010-04-14RHEMA Bible Training College1 77362010-04-14